000 00746nam a2200241 u 4500
005 20240228064025.0
008 110920s2007 ea r 000 0 spa d
020 _a0822562111 (10 dígitos)
020 _a9780822562115 (13 dígitos)
035 _aUPN01000181852
049 _aI
050 4 _aQC924.7
_bN4.3
100 1 _aNelson, Robin,
_d1971-
_931580
245 1 3 _aUn día lluvioso /
_cRobin Nelson.
260 _aMinneapolis, E.U.A. :
_bLerner,
_c2007.
300 _a23 p. :
_bprincipalmente il. col.
440 0 _aMi primer paso al mundo real
534 _pTraducción de:
_tA rainy day
650 4 _aLLUVIA -
_vLITERATURA INFANTIL
_918198
650 4 _aLibros y lectura para niños
_92290
905 _aInfantil
999 _c153955
_d153955